Retail management : (Record no. 2425)
[ view plain ]
| 000 -LEADER | |
|---|---|
| fixed length control field | 00852nac a22002535a 4500 |
| 008 - FIXED-LENGTH DATA ELEMENTS--GENERAL INFORMATION | |
| fixed length control field | 081106t2007 njua frb 001 0 eng d |
| 010 ## - LIBRARY OF CONGRESS CONTROL NUMBER | |
| LC control number | 2005057977 |
| 020 ## - INTERNATIONAL STANDARD BOOK NUMBER | |
| International Standard Book Number | 0131870165 |
| 020 ## - INTERNATIONAL STANDARD BOOK NUMBER | |
| International Standard Book Number | 9780131870161 |
| 040 ## - CATALOGING SOURCE | |
| Original cataloging agency | EG-ScBUE |
| Language of cataloging | ENG |
| Transcribing agency | EG-ScBUE |
| 082 04 - DEWEY DECIMAL CLASSIFICATION NUMBER | |
| Classification number | 658.87 |
| Item number | BER |
| Edition number | 22 |
| 100 1# - MAIN ENTRY--PERSONAL NAME | |
| Personal name | Berman, Barry. |
| 9 (RLIN) | 2303 |
| 245 10 - TITLE STATEMENT | |
| Title | Retail management : |
| Remainder of title | a strategic approach / |
| Statement of responsibility, etc | Barry Berman, Joel R. Evans. |
| 250 ## - EDITION STATEMENT | |
| Edition statement | 10th ed. |
| 260 ## - PUBLICATION, DISTRIBUTION, ETC. (IMPRINT) | |
| Place of publication, distribution, etc | Upper Saddle River, New Jersey : |
| Name of publisher, distributor, etc | Palgrave Macmillan, |
| Date of publication, distribution, etc | c.2007 |
| 300 ## - PHYSICAL DESCRIPTION | |
| Extent | 682 p. : |
| Other physical details | ill. (col.) ; |
| Dimensions | 30 cm. |
| 504 ## - BIBLIOGRAPHY, ETC. NOTE | |
| Bibliography, etc | Includes bibliographical references and indexes. |
| 590 ## - LOCAL NOTE (RLIN) | |
| Local note | catalogued by : Mostafa El-Helaly |
| 650 #0 - SUBJECT ADDED ENTRY--TOPICAL TERM | |
| Topical term or geographic name as entry element | Retail trade |
| General subdivision | Management. |
| 9 (RLIN) | 2304 |
| Source of heading or term | BUEsh |
| 651 ## - SUBJECT ADDED ENTRY--GEOGRAPHIC NAME | |
| Source of heading or term | BUEsh |
| 653 ## - INDEX TERM--UNCONTROLLED | |
| Arrived date list | August2015 |
| 700 1# - ADDED ENTRY--PERSONAL NAME | |
| Personal name | Evans, Joel R. |
| 9 (RLIN) | 2305 |
| 942 ## - ADDED ENTRY ELEMENTS (KOHA) | |
| Item type | Book - Borrowing |
| Call number prefix | 658.87 BER |
| Source of classification or shelving scheme | Dewey Decimal Classification |
| Withdrawn status | Item status | Source of classification or shelving scheme | Damaged status | Not for loan | Vendor | Home library | Current library | Shelving location | Date acquired | Source of acquisition | Total Checkouts | Total Renewals | Full call number | Barcode | Date last seen | Date last borrowed | Koha item type | Materials specified (bound volume or other part) |
|---|---|---|---|---|---|---|---|---|---|---|---|---|---|---|---|---|---|---|
| Dewey Decimal Classification | Central Library | Central Library | First floor | 20/02/2007 | 22 | 115 | 658.87 BER | 000001877 | 15/07/2025 | 03/10/2017 | Book - Borrowing | |||||||
| Lost | Dewey Decimal Classification | Baccah | Central Library | Central Library | First floor | 17/03/2009 | 5 | 5 | 658.87 BER | 000015670 | 20/10/2009 | 26/05/2009 | Book - Borrowing | Lost In Inventory_2015-8-23 | ||||
| Dewey Decimal Classification | Baccah | Central Library | Central Library | First floor | 17/03/2009 | 24 | 47 | 658.87 BER | 000015671 | 15/07/2025 | 03/10/2019 | Book - Borrowing | ||||||
| Dewey Decimal Classification | Baccah | Central Library | Central Library | First floor | 17/03/2009 | 19 | 66 | 658.87 BER | 000015672 | 15/07/2025 | 18/04/2018 | Book - Borrowing | ||||||
| Dewey Decimal Classification | Baccah | Central Library | Central Library | First floor | 17/03/2009 | 25 | 65 | 658.87 BER | 000015669 | 15/07/2025 | 08/05/2018 | Book - Borrowing | ||||||
| Dewey Decimal Classification | Baccah | Central Library | Central Library | First floor | 05/04/2009 | 10 | 658.87 BER | 000015521 | 15/07/2025 | 02/12/2012 | NB - Book (Non borrowing) |